|
|
|
|
| LEADER |
00780cam a2200229 7i4500 |
| 001 |
0000007663 |
| 005 |
20191108090000.0 |
| 020 |
|
|
|a 0071126058 (pbk.)
|
| 020 |
|
|
|a 9780071126052
|
| 090 |
0 |
0 |
|a QC760
|b .E36 1993
|
| 100 |
1 |
|
|a Edminister, Joseph A
|
| 245 |
1 |
0 |
|a Schaum's outline of theory and problems of electromagnetics
|c Joseph A. Edminister.
|
| 250 |
|
|
|a 2nd ed.
|
| 260 |
|
|
|a New York:
|b McGraw-Hill, Inc.,
|c 1993.
|
| 300 |
|
|
|a vii, 322 p.;
|c 26 cm.
|
| 490 |
0 |
|
|a Schaum's outline series
|
| 500 |
|
|
|a Includes index
|
| 650 |
0 |
0 |
|a Eletromagnetism
|
| 997 |
|
|
|a Engineering & Life Sciences, Faculty
|b Engineering, Department
|
| 998 |
|
|
|a Electronics Engineering, Degree
|
| 998 |
|
|
|a Electrical Engineering, Degree
|
| 999 |
|
|
|a 0000000469
|b BOK
|c OPEN SHELF
|e 2nd Floor, Bestari Jaya
|